Les spécialités les plus dures au lycée - Statistiques

Statistiques générales
  • Ce quiz a été pris 3 507 fois
  • Le résultat moyen est 8 sur 10
Statistiques - réponses
Top Spécialité % Correct
3 Maths
97%
2 Physique-Chimie
94%
6 SVT
94%
1 HGGSP
92%
7 SES
89%
5 HLP
82%
8 LLCE
76%
9 NSI
67%
10 AMC
62%
4 Sciences de l'ingénieur
50%
Aucun quiz correspondant
Distribution des résultats
% des personnes avec chaque résultat
Percentile par nombre de réponses
Votre historique - résultats
Vous n’avez pas pris ce quiz